000 00333nam a2200145Ia 4500
008 230718s9999 xx 000 0 und d
041 _aEng.
082 _a340
_bFIT-S
100 _aFITZGUALD,M.A
245 0 _aSalmond Jusispudence
260 _aPakistan
_bManzoor book house
_c2010
300 _a239
650 _aLaw
999 _c30244
_d30244